01838nam a22001817a 4500999001700000020001800017082001800035100001800053245007900071260002800150300001500178504001900193520119500212650002301407650003001430942001201460952018401472 c39317d39317 a9789353579074 a327.54bPAN-F aPande, Aparna aFrom Chanakya to Modi:bEvolution of India's Foreign Policy/cAparna Pande aHaryana:bHarperc2020. axii, 224p. aIncludes index aForeign policy does not exist in a cultural vacuum. It is shaped by national experience and a country's view of itself. In the case of India, the foreign policy paradigm is as deeply informed by its civilizational heritage as it is by modern ideas about national interest. The two concepts that come and go most frequently in Indian engagement with the world -- from Chanakya in the third century BC to Prime Minister Narendra Modi in 2020 -- are autonomy and independence in decision-making. There are also four trends that we can trace: messianic idealism, realism, isolationism and imperial influences -- ideas that have competed with and complemented each other at various points in time.As India pursues modernity and seeks to exercise influence in the contemporary world, an examination of the nation in the context of its history and tradition is crucial. Aparna Pande's From Chanakya to Modi explores the deeper civilizational roots of Indian foreign policy in a manner reminiscent of Walter Russel Mead's groundbreaking Special Providence (2001). It identifies the neural roots of India's engagement with the world outside. An essential addition to every thinking person's library. aDiplomacy -- India aNarendra Modi - Influence 2ddccBK 00104070aNASSDOCbNASSDOCd2024-03-21eOverseas Press India Private Limitedg288.07i20-03-2024l1o327.54 PAN-Fp54404r2025-11-13 00:00:00s2025-09-12v399.00w2024-05-24yBK